Jesus (Record no. 9725)

MARC details
000 -LEADER
fixed length control field 00627nam a2200241 a 4500
020 ## - INTERNATIONAL STANDARD BOOK NUMBER
ISBN 0712661
082 00 - DEWEY DECIMAL CLASSIFICATION NUMBER
Classification number 232.908
Author Cutter ELL
100 ## - MAIN ENTRY--AUTHOR NAME
Author name Ellegard, Alvar
245 ## - TITLE STATEMENT
Title Jesus
Sub title One Hundred Years Before Christ: Study in Creative Mythology
260 ## - PUBLICATION, DISTRIBUTION, ETC. (IMPRINT)
Place of publication London
Name of publisher Rider
Year of publication 1999
300 ## - PHYSICAL DESCRIPTION
Number of Pages 321p
500 ## - GENERAL NOTE
General note includes index and biblioraphy
505 2# - FORMATTED CONTENTS NOTE
Formatted contents note Index
650 ## - SUBJECT ADDED ENTRY--TOPICAL TERM
Topical Term Jesus Christ-Historiocity
942 ## - ADDED ENTRY ELEMENTS (KOHA)
Koha item type Books
700 1# -
-- Ellegard, Alvar
Holdings
Collection code Home library Current library Date acquired Cost, normal purchase price Full call number Accession Number Koha item type
  Henry Martyn Institute Library Henry Martyn Institute Library 06/19/2007 695.00 232.908 ELL 019842 Books
                   Copyright © 2026 | Henry Martyn Institute | Hyderabad | TS-500052 | INDIA | Implemented by hmi.edu.in
Hit-Count:

Powered by Koha